000 004880000a22001930004500
001 002067
003 MACL
005 20150705120403.0
008 http://192.168.1.52:8080/cgi-bin/koha/ca
040 _aMACL
_cMACL
041 _aEnglish
082 _a306.54/MUR
100 _aMuraleemadhavan, P.C
_9731
245 _aFacets Of Indian Culture
_cP.C Muraleemadhavan
260 _aDelhi
_c2000
_bNew Bharatiya Book,
350 _a900
650 _aSocial Science
_929
942 _k307
_cBK
_2ddc
999 _c13983
_d13983